000
00394nam a22001457a 4500
005
20251108171003.0
008
250721s1985 xx 000 0 ara d
082
1
4
_a
م/580/نبا
245
1
0
_a
النبات /
264
1
_a
جنيف :
_b
شركة ترادكسيم،
_c
1985.
300
_a
160ص : مصور
490
0
_a
سلسلة كتاب المعرفة
942
_2
ddc
_c
REF
999
_c
53762
_d
53762